Statistiques concernant Régions de World of Warcraft

Cliquez ici pour prendre le quiz!

Statistiques générales

  • Ce quiz a été pris 275 fois
  • Le résultat moyen est 40 sur 103

Statistiques - réponses

Réponse% Correct
Durotar
80%
Forêt d'Elwynn
69%
Mont Hyjal
67%
Marche de l'Ouest
64%
Tanaris
64%
Les Carmines
63%
Uldum
63%
Dun Morogh
62%
Tarides du Nord
62%
Tarides du Sud
61%
Cratère d'Un'Goro
60%
Nagrand
60%
Hautes terres Arathies
58%
Orneval
58%
Teldrassil
57%
Féralas
56%
Sombrivage
56%
Desolace
55%
Maleterres de L'Est
55%
Maleterres de L'Ouest
55%
Azshara
54%
Bois de la Pénombre
54%
Couronne de Glace
53%
Péninsule des Flammes Infernales
53%
Silithus
53%
Forêt des Pins Argentés
51%
Les Paluns
51%
Vallée d'Ombrelune
51%
Mille-Pointes
50%
Clairières de Tirisfal
49%
Loch Modan
49%
Mulgore
49%
Raz-de-Néant
49%
Les Tranchantes
48%
Berceau-de-l'Hiver
47%
Gangrebois
47%
La forêt de Jade
47%
Terres foudroyées
47%
Les Terres Fantômes
46%
Marécages de Zangar
46%
Toundra Boréenne
46%
Désolation des dragons
45%
Fjord Hurlant
45%
Steppes ardentes
45%
Haut-Roc
44%
Les Grisonnes
44%
Suramar
43%
Marécage d'Âprefange
42%
Pics foudroyés
41%
Île de Brume-Azur
38%
Ruines de Gilnéas
38%
Hautes-terres du Crépuscule
37%
Les Serres Rocheuses
37%
Le Tréfonds
37%
Strangleronce septentrionale
37%
Zul'Drak
37%
Contreforts de Hautebrande
36%
Défilé de Deuillevent
36%
Forêt de Terokkar
36%
Île de Brume-Sang
36%
Les Hinterlands
36%
Sommet de Kun-Lai
36%
Azsuna
35%
Bois des Chants Éternels
35%
Marais des Chagrins
35%
Terres ingrates
35%
Bassin de Sholazar
34%
Gorge des vents brûlants
34%
Val de l'Éternel Printemps
32%
Gorgrond
31%
Tornheim
31%
Cap Strangleronce
30%
Le Rivage Brisé
29%
Val'Sharah
29%
Crête de Givrefeu
28%
Île de Quel'Danas
27%
Kezan
26%
Jungle de Tanaan
25%
Steppes de Tanglong
25%
Île du Temps Figé
23%
Joug d'Hiver
23%
Vallée des Quatre Vents
23%
Flèches d'Arak
22%
Forêt du chant de cristal
22%
Île du Tonnerre
22%
Terres de l'Angoisse
22%
Étendues sauvages de Krasarang
20%
Île des Géants
20%
Talador
19%
Montagnes d'Alterac
17%
Tol Barad
17%
Les Îles Perdues
16%
Île de Sombrelune
14%
A'shran
13%
Étendues Chatoyantes
10%
Profondeurs Abyssales
10%
Krokuun
9%
Forêt d'Ombrelune
8%
Le Maëlstrom
8%
Accostage de Hrothgar
7%
Île vagabonde
7%
Forêt de Varech'thar
6%
Péninsule de Tol Barad
6%

Distribution des résultats

Percentile par nombre de réponses

% des personnes avec chaque résultat

Votre développement - résultats

Vous n’avez pas pris ce quiz